00488nam a2200169Ia 4500008004100000041001200041082001200053100003000065245005400095365000700149520001400156546001200170630005400182650001400236655001400250730005400264101110s9999 xx 000 0 und d aENGLISH bSR21320 aJoseph, Shetty, Laxmidevi aCollege Inorganic Chemistry 10th ed. (T.Y.B.Sc.) b55 aChemistry aENGLISH aCollege Inorganic Chemistry 10th ed. (T.Y.B.Sc.) aChemistry aChemistry aCollege Inorganic Chemistry 10th ed. (T.Y.B.Sc.)